000 00668pam a2200217 a 4500
001 3904843
005 20180215031828.0
008 910227s1992 nyua 001 0 eng
010 _a 91011690
020 _a067521162X
040 _aDLC
_cDLC
_dDLC
041 _aeng
080 _a621.38154 BUC
082 0 0 _a621.38154 BUC
_220
100 1 _a27
101 _aIM
245 1 0 _aApplied electronic instrumentation and measurement /
_cDavid Buchla, Wayne McLachlan.
906 _a7
_bcbc
_corignew
_d1
_eocip
_f19
_gy-gencatlg
942 _2ddc
_cBK
999 _c42549
_d42549